00425 2200169 4500001002100000008004100021035002000062245003400082100001600116260002800132300002600160020002200186084001400208082000800222650001000230990001500240INLIS000000000003281 ind  a0010-1225000102 aAlih WahanacSapardi Djoko D. aD., Sapardi aJakartabGramediac2023 a230 hlmc13,5 x 20 cm a978-602-03-7914-2 a813 SAP a a813 aFiksi a19756/B/26